LEADER 02689nam 2200661Ia 450 001 9910455757603321 005 20211104163306.0 010 $a0-19-985300-2 010 $a0-585-33801-9 010 $a0-19-802640-4 010 $a1-280-45255-2 010 $a1-60256-112-5 035 $a(CKB)111004366527958 035 $a(EBL)684603 035 $a(OCoLC)727649098 035 $a(SSID)ssj0000193074 035 $a(PQKBManifestationID)11174765 035 $a(PQKBTitleCode)TC0000193074 035 $a(PQKBWorkID)10217102 035 $a(PQKB)11053966 035 $a(StDuBDS)EDZ0000034592 035 $a(MiAaPQ)EBC684603 035 $a(MiAaPQ)EBC273019 035 $a(Au-PeEL)EBL684603 035 $a(CaPaEBR)ebr10279407 035 $a(CaONFJC)MIL45255 035 $a(Au-PeEL)EBL273019 035 $a(OCoLC)437173392 035 $a(EXLCZ)99111004366527958 100 $a19951108d1996 uy 0 101 0 $aeng 135 $aur|n|---||||| 181 $ctxt 182 $cc 183 $acr 200 14$aThe literary mind$b[electronic resource] /$fMark Turner 210 $aNew York $cOxford University Press$dc1996 215 $a1 online resource (198 p.) 300 $aDescription based upon print version of record. 311 $a0-19-512667-X 311 $a0-19-510411-0 320 $aIncludes bibliographical references and index. 327 $aContents; 1 Bedtime with Shahrazad; 2 Human Meaning; 3 Body Action; 4 Figured Tales; 5 Creative Blends; 6 Many Spaces; 7 Single Lives; 8 Language; Notes; Further Reading on Image Schemas; Index; A; B; C; D; E; F; G; H; I; J; K; L; M; N; O; P; R; S; T; V; W; X 330 $aWe usually consider literary thinking to be peripheral and dispensable, an activity for specialists: poets, prophets, lunatics, and babysitters. Certainly we do not think it is the basis of the mind. We think of stories and parables from Aesop's Fables or The Thousand and One Nights, for example, as exotic tales set in strange lands, with spectacular images, talking animals, and fantastic plots--wonderful entertainments, often insightful, but well removed from logic and science, and entirely foreign to the world of everyday thought. But Mark Turner argues that this common wisdom is wrong. The 606 $aCognitive science 606 $aLiterature$xPhilosophy 608 $aElectronic books. 615 0$aCognitive science. 615 0$aLiterature$xPhilosophy. 676 $a801/.92 700 $aTurner$b Mark$0275468 801 0$bMiAaPQ 801 1$bMiAaPQ 801 2$bMiAaPQ 906 $aBOOK 912 $a9910455757603321 996 $aLiterary mind$91094217 997 $aUNINA LEADER 03679oam 2200661 c 450 001 9910563197203321 005 20250827155956.0 024 7 $a10.3726/b13742 035 $a(CKB)5450000000173998 035 $a(oapen)https://directory.doabooks.org/handle/20.500.12854/34533 035 $a(PH02)9783631751862 035 $a(MiAaPQ)EBC31203706 035 $a(oapen)doab34533 035 $a(EXLCZ)995450000000173998 100 $a20240525h20181988 uy 0 101 0 $ager 135 $aurnnunnnannuu 181 $ctxt$2rdacontent 182 $cc$2rdamedia 183 $acr$2rdacarrier 200 04$aDie beschäftigungspolitische und fiskalische Problematik der Arbeitgeberbeiträge zur Rentenversicherung$eEine Auseinandersetzung mit der Kritik an der lohnbezogenen Beitragsbemessung$fAlois Oberhauser, Wolfgang Scherf 205 $a1st, New ed. 210 $aFrankfurt a.M$cPH02$d2018 210 $d2018, c1988 215 $a1 online resource (274 p.)$c, EPDF 225 0 $aFinanzwissenschaftliche Schriften$v32 300 $aPeter Lang GmbH, Internationaler Verlag der Wissenschaften 311 08$a3-631-75186-9 327 $aAus dem Inhalt: Die U?berwa?lzbarkeit lohnbezogener Arbeitgeberbeitra?ge - Wirkungen auf Rationalisierung, Bescha?ftigung und Rentenfinanzen - Verteilungskonflikte und fiskalische Effizienz lohnbezogener Abgaben - Wertscho?pfungsbezogene Arbeitgeberbeitra?ge: Eine Alternative zum heutigen System? 330 $aUnter dem Schlagwort «Maschinensteuer» werden seit Ende der siebziger Jahre alternative Bemessungsgrundlagen fu?r die Arbeitgeberbeitra?ge zur Rentenversicherung diskutiert. Dabei dominieren bescha?ftigungspolitische und fiskalische Aspekte. Die Anha?nger einer Umstellung des Arbeitgeberanteils auf die Wertscho?pfung befu?rchten, dass lohnbezogene Beitra?ge versta?rkte Rationalisierungsinvestitionen und damit eine Zunahme der Arbeitslosigkeit nach sich ziehen. Ausserdem rechnen sie mit einer Destabilisierung der Rentenfinanzen aufgrund einer langfristig sinkenden Lohnquote und einer unzureichenden Akzeptanz demographisch bedingter Beitragserho?hungen. Der Verfasser setzt sich mit den theoretischen Grundlagen der Kritik an der lohnbezogenen Beitragsbemessung auseinander und zeigt, dass die vorgetragenen Einwa?nde einer gesamtwirtschaftlichen Analyse nicht standhalten. 330 1 $a«Insgesamt handelt es sich um einen interessanten Beitrag, der vor allem die makro-o?konomischen Effekte und Anpassungsreaktionen der Wirtschaftssubjekte eines beitragsfinanzierten Rentenversicherungssystems darstellt.» (Silvia Hellmer, Wirtschaft und Gesellschaft) 517 $aBeschaeftigungspolitische und fiskalische Problematik der Arbeitgeberbeitraege zur Rentenversicherung 606 $aPolitics & government$2bicssc 606 $aWelfare economics$2bicssc 610 $aArbeitgeberbeiträge 610 $aAuseinandersetzung 610 $aBeitragsbemessung 610 $aBESCHAEFTIGUNGSPOLIT 610 $abeschäftigungspolitische 610 $aEine 610 $aFISK 610 $afiskalische 610 $aKritik 610 $alohnbezogenen 610 $aProblematik 610 $aRentenversicherung 610 $aScherf 615 7$aPolitics & government 615 7$aWelfare economics 700 $aScherf$b Wolfgang$4auth$01303338 702 $aOberhauser$b Alois$4edt 702 $aScherf$b Wolfgang$4aut 801 0$bPH02 801 1$bPH02 906 $aBOOK 912 $a9910563197203321 996 $aDie bescha?ftigungspolitische und fiskalische Problematik der Arbeitgeberbeitra?ge zur Rentenversicherung$94173891 997 $aUNINA